| 000 | 00793nam a2200241 i 4500 | ||
|---|---|---|---|
| 001 | 41262 | ||
| 003 | ES-MaACL | ||
| 005 | 20231216062906.0 | ||
| 007 | t| | ||
| 008 | 030310s1967 sp acfo |||| | spa d | ||
| 080 | _a39(460.27 M.) | ||
| 100 | 1 |
_aCarandell, Luis, _d1929-2002 _934959 |
|
| 245 | 1 | 0 |
_aVivir en Madrid / _cLuis Carandell ; fotografías, Francisco Ontañón. |
| 250 | _a1ª ed. | ||
| 260 |
_aBarcelona : _bKairós, _c1967. |
||
| 300 |
_a176 p., [24] h. de lám. fot. ; _c23 cm. |
||
| 505 | 8 | _aContiene: Diccionario madrileño-castellano, p. 159-173. | |
| 651 | 4 |
_aMadrid- _xUsos y costumbres. _98987 |
|
| 700 | 0 |
_aOntañón, Francisco, _d1930-2008 _987097 |
|
| 740 | 0 | 2 | _aDiccionario madrileño-castellano. |
| 852 | 4 |
_aES-MaACL _jC-32270 |
|
| 999 |
_c41262 _d41262 |
||